<?xml version="1.0" encoding="UTF-8"?>
<collection xmlns="http://www.loc.gov/MARC21/slim">
 <record>
  <leader>     na                 </leader>
  <controlfield tag="001">INLIS000000000014679</controlfield>
  <controlfield tag="005">20250414112916</controlfield>
  <datafield tag="035" ind1=" " ind2=" ">
   <subfield code="a">0010-0425000008</subfield>
  </datafield>
  <datafield tag="245" ind1="1" ind2=" ">
   <subfield code="a">Setiap hari stoik :</subfield>
   <subfield code="b">366 renungan untuk menjalani kehidupan</subfield>
  </datafield>
  <datafield tag="100" ind1="0" ind2=" ">
   <subfield code="a">Holiday, Ryan</subfield>
  </datafield>
  <datafield tag="300" ind1=" " ind2=" ">
   <subfield code="a">xx, 483 hlm.; 20 cm.</subfield>
  </datafield>
  <datafield tag="700" ind1="0" ind2=" ">
   <subfield code="a">Hanselman, Stephen</subfield>
  </datafield>
  <datafield tag="700" ind1="0" ind2=" ">
   <subfield code="a">Rani Rachmani Moediarta (Penerjemah)</subfield>
  </datafield>
  <datafield tag="260" ind1=" " ind2=" ">
   <subfield code="a">Jakarta :</subfield>
   <subfield code="b">Gramedia Pustaka Utama,</subfield>
   <subfield code="c">2022</subfield>
  </datafield>
  <datafield tag="082" ind1=" " ind2=" ">
   <subfield code="a">188</subfield>
  </datafield>
  <datafield tag="084" ind1=" " ind2=" ">
   <subfield code="a">188 HOL s</subfield>
  </datafield>
  <datafield tag="020" ind1=" " ind2=" ">
   <subfield code="a">978-602-06-5692-2</subfield>
  </datafield>
  <datafield tag="650" ind1=" " ind2=" ">
   <subfield code="a">Stoik (Filsafat)</subfield>
  </datafield>
  <datafield tag="520" ind1=" " ind2=" ">
   <subfield code="a">Di mana kita dapat menemukan sukacita? Apa ukuran keberhasilan yang sebenarnya? Bagaimana seharusnya kita mengeIola amarah? Menemukan makna? Menaklukkan kesedihan?&#13;
&#13;
   Buku Setiap Hari Stoik: 366 Renungan Untuk Menjalani Kehidupan merupakan panduan latihan dalam menerapkan ajaran stoik. Tujuannya adalah untuk membantu Anda memahami tiga disiplin, yang meliputi persepsi, tindakan, dan kemauan. Selain itu, buku ini bermanfaat bagi Anda dalam menerapkan pelajaran dari masing-masing ketiga hal tersebut ke dalam hidup Anda.&#13;
&#13;
   Buku ini berisi kalimat-kalimat bijak dan menenangkan untuk menjalani kehidupan yang tak mudah ini serta menawarkan dosis harian inspirasional dari kebijaksanaan Wasik. Setiap halaman menampilkan kutipan mendalam dari orang-orang seperti Marcus Aurelius, Seneca, atau Epictetus, serta anekdot sejarah dan komentar yang menggugah pikiran untuk membantu kita mengatasi masalah, mencapai tujuan, serta menemukan ketenangan, pengetahuan, dan ketangguhan diri yang kita butuhkan untuk mengarungi hidup.</subfield>
  </datafield>
  <controlfield tag="008">250414                e          0 ind  </controlfield>
  <datafield tag="500" ind1=" " ind2=" ">
   <subfield code="a">Judul asli: The daily stoic : 366 meditations on wisdom, perseverance, and the art of living</subfield>
  </datafield>
  <datafield tag="990" ind1=" " ind2=" ">
   <subfield code="a">024.3610/PC/24</subfield>
  </datafield>
  <datafield tag="990" ind1=" " ind2=" ">
   <subfield code="a">024.3611/PC/24</subfield>
  </datafield>
  <datafield tag="990" ind1=" " ind2=" ">
   <subfield code="a">024.3612/PC/24</subfield>
  </datafield>
  <datafield tag="990" ind1=" " ind2=" ">
   <subfield code="a">024.3613/PC/24</subfield>
  </datafield>
 </record>
</collection>
